|
|
|
|
| LEADER |
00000naa2a2200000 4500 |
| 001 |
426991 |
| 005 |
20231101074619.0 |
| 035 |
|
|
|a (RuTPU)RU\TPU\prd\86095
|
| 035 |
|
|
|a RU\TPU\prd\2986
|
| 090 |
|
|
|a 426991
|
| 100 |
|
|
|a 20100902a2002 k y0rusy50 ca
|
| 101 |
0 |
|
|a rus
|
| 102 |
|
|
|a RU
|
| 200 |
1 |
|
|a Быстродействующий перестраиваемый детектор излучения субмиллиметрового диапазана на циклотронном резонансе в InSb
|f Г. Д. Богомолов, В. В. Завьялов, Е. А. Зотова, Е. Ю. Шампаров
|
| 225 |
1 |
|
|a Электроника и радиотехника
|
| 320 |
|
|
|a Библиогр.: 13 назв.
|
| 461 |
|
1 |
|0 (RuTPU)RU\TPU\prd\300
|x 0032-8162
|t Приборы и техника эксперимента
|f Российская академия наук
|d 1956-
|
| 463 |
|
1 |
|0 (RuTPU)RU\TPU\prd\86079
|t № 1
|v с. 87-95
|d 2002
|
| 610 |
1 |
|
|a детекторы
|
| 610 |
1 |
|
|a излучения
|
| 610 |
1 |
|
|a резонаторы
|
| 610 |
1 |
|
|a регистрация импульсов
|
| 610 |
1 |
|
|a электромагниты
|
| 610 |
1 |
|
|a чертёж
|
| 610 |
1 |
|
|a магнитное поле
|
| 610 |
1 |
|
|a датчики
|
| 610 |
1 |
|
|a тепловой ключ
|
| 610 |
1 |
|
|a кристаллы
|
| 610 |
1 |
|
|a усилители сигналов
|
| 701 |
|
1 |
|a Богомолов
|b Г. Д.
|
| 701 |
|
1 |
|a Завьялов
|b В. В.
|
| 701 |
|
1 |
|a Зотова
|b Е. А.
|
| 701 |
|
1 |
|a Шампаров
|b Е. Ю.
|
| 801 |
|
1 |
|a RU
|b 63413507
|c 20020410
|g PSBO
|
| 801 |
|
2 |
|a RU
|b 63413507
|c 20100902
|g PSBO
|
| 942 |
|
|
|c BK
|